Vitamin and mineral requirements in human nutrition

The Joint FAO/WHO group of experts reviewed the full scope of vitamin and minerals requirements, including their role in normal human physiology and metabolism and in deficiency disease conditions. The focus was on the requirements of the essential vitamins and minerals, including vitamins A, C, D,...

詳細記述

保存先:
書誌詳細
フォーマット: 図書
言語:Undetermined
出版事項: Geneva World Health Organization 2004
主題:
タグ: タグ追加
タグなし, このレコードへの初めてのタグを付けませんか!
Thư viện lưu trữ: Trung tâm Học liệu Trường Đại học Cần Thơ
LEADER 01393nam a2200181Ia 4500
001 CTU_190311
008 210402s9999 xx 000 0 und d
020 |c 38.31 
082 |a 612.399 
082 |b V835 
245 0 |a Vitamin and mineral requirements in human nutrition 
260 |a Geneva 
260 |b World Health Organization 
260 |c 2004 
520 |a The Joint FAO/WHO group of experts reviewed the full scope of vitamin and minerals requirements, including their role in normal human physiology and metabolism and in deficiency disease conditions. The focus was on the requirements of the essential vitamins and minerals, including vitamins A, C, D, E, and K; the B vitamins; calcium; iron; magnesium; zinc; selenium; and iodine. The report provides recommended nutrient intakes for vitamins A, C, D, E, and K; the B vitamins; calcium; iron; magnesium; zinc; selenium; and iodine. The report also provides practical advice and recommendations which will constitute an authoritative source of information for all those who work in the area of nutrition, agriculture, food production and distribution, and health promotion. 
650 |a Khoáng chất trong dinh dưỡng con người,Vitamins in human nutrition,Minerals in human nutrition,Vitamin trong dinh dưỡng con người 
904 |i Trúc 
980 |a Trung tâm Học liệu Trường Đại học Cần Thơ